Survey of English Housing - new results: April-September 2002-03 (Record no. 102905)

MARC details
000 -LEADER
fixed length control field 01211cad a22002175a 4500
001 - CONTROL NUMBER
control field J122669
008 - FIXED-LENGTH DATA ELEMENTS--GENERAL INFORMATION
fixed length control field 030618s2003 xxk 000 0 eng u
035 ## - SYSTEM CONTROL NUMBER
System control number (Sirsi) u122669
041 ## - LANGUAGE CODE
Language code of text/sound track or separate title eng.
050 ## - LIBRARY OF CONGRESS CALL NUMBER
Classification number 306.1
-- 18
110 ## - MAIN ENTRY--CORPORATE NAME
Corporate name or jurisdiction name as entry element National Centre for Social Research
9 (RLIN) 4125
245 ## - TITLE STATEMENT
Title Survey of English Housing - new results: April-September 2002-03
Medium [electronic resource]
260 ## - PUBLICATION, DISTRIBUTION, ETC.
Place of publication, distribution, etc. London
Name of publisher, distributor, etc. ODPM
Date of publication, distribution, etc. 2003
520 ## - SUMMARY, ETC.
Summary, etc. The Survey of English Housing is a continuous ODPM survey which collects housing data on owner occupation and the social and private rented sector. This preview presents some new findings from the first six months of the 2002-03 survey. Results for the whole of 2002-03 will be published at the end of 2003. Since April 1999 the survey has been carried out by the National Centre for Social Research, a leading social research institute.
650 ## - SUBJECT ADDED ENTRY--TOPICAL TERM
Topical term or geographic name entry element SURVEY OF ENGLISH HOUSING
650 ## - SUBJECT ADDED ENTRY--TOPICAL TERM
Topical term or geographic name entry element HOUSING STATISTICS
690 ## - LOCAL SUBJECT ADDED ENTRY--TOPICAL TERM (OCLC, RLIN)
Topical term or geographic name as entry element HOUSING
710 ## - ADDED ENTRY--CORPORATE NAME
Corporate name or jurisdiction name as entry element Department for Transport, Local Government and the Regions
9 (RLIN) 4091
856 ## - ELECTRONIC LOCATION AND ACCESS
Uniform Resource Identifier <a href="https://www.communities.gov.uk/archived/publications/housing/hss17">https://www.communities.gov.uk/archived/publications/housing/hss17</a>
Hours access method available View the preview of the 2002-03 findings on the DCLG's website....
942 ## - ADDED ENTRY ELEMENTS (KOHA)
Suppress in OPAC 0
Holdings
Withdrawn status Lost status Source of classification or shelving scheme Damaged status Not for loan Home library Current library Shelving location Date acquired Total Checkouts Full call number Barcode Date last seen Copy number Price effective from Koha item type
    Dewey Decimal Classification     Virtual Virtual Online 18/06/2003   ONLINE PUBLICATION 122669-1001 06/08/2019 1 06/08/2019 Book